MARC details
| 000 -LEADER |
| fixed length control field |
03125cam a22005297i 4500 |
| 001 - CONTROL NUMBER |
| control field |
692 |
| 003 - CONTROL NUMBER IDENTIFIER |
| control field |
MYCC |
| 005 - DATE AND TIME OF LATEST TRANSACTION |
| control field |
20260205162015.0 |
| 008 - FIXED-LENGTH DATA ELEMENTS--GENERAL INFORMATION |
| fixed length control field |
240827t20242024nyu e b 001 0 eng d |
| 020 ## - INTERNATIONAL STANDARD BOOK NUMBER |
| International Standard Book Number |
9780316581295 |
| Qualifying information |
hardback |
| 020 ## - INTERNATIONAL STANDARD BOOK NUMBER |
| International Standard Book Number |
0316581291 |
| Qualifying information |
hardback |
| 020 ## - INTERNATIONAL STANDARD BOOK NUMBER |
| International Standard Book Number |
9780316584425 |
| Qualifying information |
paperback |
| 020 ## - INTERNATIONAL STANDARD BOOK NUMBER |
| International Standard Book Number |
0316584428 |
| Qualifying information |
paperback |
| 040 ## - CATALOGING SOURCE |
| Original cataloging agency |
IG# |
| Language of cataloging |
eng |
| Description conventions |
rda |
| Transcribing agency |
IG# |
| Modifying agency |
OCLCO |
| -- |
YDX |
| -- |
OQX |
| -- |
HF9 |
| -- |
IJ5 |
| -- |
IBI |
| -- |
GP5 |
| -- |
HUL |
| -- |
OCLCO |
| -- |
SINLB |
| -- |
YEQ |
| -- |
VP@ |
| -- |
OCLCO |
| -- |
MWD |
| -- |
FUG |
| -- |
IUK |
| -- |
IMT |
| -- |
MNT |
| -- |
DLC |
| -- |
MYCC |
| 082 04 - DEWEY DECIMAL CLASSIFICATION NUMBER |
| Classification number |
006.3 |
| Edition number |
23 |
| 090 00 - LOCALLY ASSIGNED LC-TYPE CALL NUMBER (OCLC); LOCAL CALL NUMBER (RLIN) |
| Classification number (OCLC) (R) ; Classification number, CALL (RLIN) (NR) |
006.3 |
| Location of book |
KIS |
| 100 1# - MAIN ENTRY--PERSONAL NAME |
| Personal name |
Kissinger, Henry A., |
| Dates associated with a name |
1923-2023, |
| Relator term |
author. |
| Real World Object URI |
https://id.oclc.org/worldcat/entity/E39PBJdcDqQfRjpt94F4fcYHG3 |
| 245 10 - TITLE STATEMENT |
| Title |
GENESIS : |
| Remainder of title |
ARTIFICIAL INTELLIGENCE, HOPE, AND THE HUMAN SPIRIT / |
| Statement of responsibility, etc. |
Henry A. Kissinger, Craig Mundie, Eric Schmidt, with Eleanor Runde ; foreword by Niall Ferguson. |
| 250 ## - EDITION STATEMENT |
| Edition statement |
First edition. |
| 264 #1 - PRODUCTION, PUBLICATION, DISTRIBUTION, MANUFACTURE, AND COPYRIGHT NOTICE |
| Place of production, publication, distribution, manufacture |
New York : |
| Name of producer, publisher, distributor, manufacturer |
Little, Brown and Company, |
| Date of production, publication, distribution, manufacture, or copyright notice |
2024. |
| 264 #4 - PRODUCTION, PUBLICATION, DISTRIBUTION, MANUFACTURE, AND COPYRIGHT NOTICE |
| Date of production, publication, distribution, manufacture, or copyright notice |
©2024 |
| 300 ## - PHYSICAL DESCRIPTION |
| Extent |
xxxii, 249 pages ; |
| Dimensions |
24 cm |
| 336 ## - CONTENT TYPE |
| Content type term |
text |
| Content type code |
txt |
| Source |
rdacontent |
| 337 ## - MEDIA TYPE |
| Media type term |
unmediated |
| Media type code |
n |
| Source |
rdamedia |
| 338 ## - CARRIER TYPE |
| Carrier type term |
volume |
| Carrier type code |
nc |
| Source |
rdacarrier |
| 504 ## - BIBLIOGRAPHY, ETC. NOTE |
| Bibliography, etc. note |
Includes bibliographical references (pages 223-239) and index. |
| 520 ## - SUMMARY, ETC. |
| Summary, etc. |
"As it absorbs data, gains agency, and intermediates between humans and reality, AI (artificial intelligence) will help us to address enormous crises, from climate change to geopolitical conflicts to income inequality. It might well solve some of the greatest mysteries of our universe and elevate the human spirit to unimaginable heights. But it will also pose challenges on a scale and of an intensity that we have never seen--usurping our power of independent judgment and action, testing our relationship with the divine, and perhaps even spurring a new phase in human evolution. The last book of elder statesman Henry Kissinger, written with technologists Craig Mundie and Eric Schmidt, 'Genesis' charts a course between blind faith and unjustified fear as it outlines an effective strategy for navigating the age of AI."-- |
| Assigning source |
Provided by publisher. |
| 650 #0 - SUBJECT ADDED ENTRY--TOPICAL TERM |
| Topical term or geographic name entry element |
Artificial intelligence. |
| 650 #0 - SUBJECT ADDED ENTRY--TOPICAL TERM |
| Topical term or geographic name entry element |
Social change. |
| 650 #0 - SUBJECT ADDED ENTRY--TOPICAL TERM |
| Topical term or geographic name entry element |
Technology |
| General subdivision |
Social aspects. |
| 650 #0 - SUBJECT ADDED ENTRY--TOPICAL TERM |
| Topical term or geographic name entry element |
Artificial intelligence |
| General subdivision |
Philosophy. |
| 650 #0 - SUBJECT ADDED ENTRY--TOPICAL TERM |
| Topical term or geographic name entry element |
Artificial intelligence |
| General subdivision |
Social aspects. |
| 650 #0 - SUBJECT ADDED ENTRY--TOPICAL TERM |
| Topical term or geographic name entry element |
Artificial intelligence |
| General subdivision |
Forecasting. |
| 650 #6 - SUBJECT ADDED ENTRY--TOPICAL TERM |
| Topical term or geographic name entry element |
Intelligence artificielle. |
| 650 #6 - SUBJECT ADDED ENTRY--TOPICAL TERM |
| Topical term or geographic name entry element |
Intelligence artificielle |
| General subdivision |
Philosophie. |
| 650 #6 - SUBJECT ADDED ENTRY--TOPICAL TERM |
| Topical term or geographic name entry element |
Intelligence artificielle |
| General subdivision |
Aspect social. |
| 650 #6 - SUBJECT ADDED ENTRY--TOPICAL TERM |
| Topical term or geographic name entry element |
Intelligence artificielle |
| General subdivision |
Prévision. |
| 650 #7 - SUBJECT ADDED ENTRY--TOPICAL TERM |
| Topical term or geographic name entry element |
artificial intelligence. |
| Source of heading or term |
aat |
| 650 #7 - SUBJECT ADDED ENTRY--TOPICAL TERM |
| Topical term or geographic name entry element |
Artificial intelligence. |
| Source of heading or term |
sears |
| 650 #7 - SUBJECT ADDED ENTRY--TOPICAL TERM |
| Topical term or geographic name entry element |
Social change. |
| Source of heading or term |
sears |
| 650 #7 - SUBJECT ADDED ENTRY--TOPICAL TERM |
| Topical term or geographic name entry element |
Technology |
| General subdivision |
Social aspects. |
| Source of heading or term |
sears |
| 700 1# - ADDED ENTRY--PERSONAL NAME |
| Personal name |
Mundie, Craig, |
| Relator term |
author. |
| Real World Object URI |
https://id.oclc.org/worldcat/entity/E39PCjwhP6HHRgQhjtYpHcBQMP |
| 700 1# - ADDED ENTRY--PERSONAL NAME |
| Personal name |
Schmidt, Eric, |
| Dates associated with a name |
1955 April 27- |
| Relator term |
author. |
| Real World Object URI |
https://id.oclc.org/worldcat/entity/E39PBJpDRxWtJ77BbMhvwjCxXd |
| 700 1# - ADDED ENTRY--PERSONAL NAME |
| Personal name |
Runde, Eleanor, |
| Relator term |
author. |
| 700 1# - ADDED ENTRY--PERSONAL NAME |
| Personal name |
Ferguson, Niall, |
| Relator term |
writer of foreword. |
| Real World Object URI |
https://id.oclc.org/worldcat/entity/E39PBJxrYJtyk3MprbPWwmRFrq |
| 942 ## - ADDED ENTRY ELEMENTS (KOHA) |
| Source of classification or shelving scheme |
Dewey Decimal Classification |
| Koha item type |
Books |